000 00438nam a2200157 a 4500
001 29418
005 20180713232447.0
008 140415s1967 000 0 spa d
041 _aspa
082 _a658
_bJAY
100 1 _aJAY, ANTONY
245 1 0 _aMANAGEMENT AND MACHIAVELLI :
_bAN INQUIRY INTO THE POLITICS OF CORPORATE LIFE
260 _a[s.l.] :
_bBANTAM BOOK,
_c1967
300 _a244
650 1 4 _aADMINISTRACION
999 _c29418
_d29418